| 000 | 00479nam a2200181Ia 4500 | ||
|---|---|---|---|
| 001 | 8453 | ||
| 005 | 20260306160610.0 | ||
| 008 | 260306t2020||||xx |||||||||||||| ||spa|| | ||
| 041 | _aESP | ||
| 082 |
_a371.0712 _bS781 |
||
| 100 |
_aStaudt, R. Jared, _eAUT |
||
| 245 | 0 |
_aRenewing catholic schools : _bhow to regain a catholic vision in a secular age |
|
| 260 | _c2020 | ||
| 300 |
_aviii, 147 páginas : _c21 cm. |
||
| 650 | _aGEN | ||
| 654 | _aCED | ||
| 942 |
_cLIB _dJUS _fJUS _2ddc _n |
||
| 999 |
_c8453 _d8453 |
||